Advanced Modern Engineering Mathematics (Record no. 6238)

MARC details
000 -LEADER
fixed length control field 00560nam a22002057a 4500
003 - CONTROL NUMBER IDENTIFIER
control field OSt
005 - DATE AND TIME OF LATEST TRANSACTION
control field 20190819113307.0
008 - FIXED-LENGTH DATA ELEMENTS--GENERAL INFORMATION
fixed length control field 190819b ||||| |||| 00| 0 eng d
020 ## - INTERNATIONAL STANDARD BOOK NUMBER
International Standard Book Number 9781292174341
040 ## - CATALOGING SOURCE
Transcribing agency DDC
082 ## - DEWEY DECIMAL CLASSIFICATION NUMBER
Classification number 620.11 JAM 2018
100 ## - MAIN ENTRY--PERSONAL NAME
Personal name James, Glyn; Dyke, Phil
9 (RLIN) 12831
245 ## - TITLE STATEMENT
Title Advanced Modern Engineering Mathematics
250 ## - EDITION STATEMENT
Edition statement 5th ed.
260 ## - PUBLICATION, DISTRIBUTION, ETC. (IMPRINT)
Place of publication, distribution, etc. England;
Name of publisher, distributor, etc. Pearson,
Date of publication, distribution, etc. 2018
300 ## - PHYSICAL DESCRIPTION
Extent xviii,987p;
Other physical details col.ill: 25cm
504 ## - BIBLIOGRAPHY, ETC. NOTE
Bibliography, etc Answers, & index included
650 ## - SUBJECT ADDED ENTRY--TOPICAL TERM
Topical term or geographic name as entry element Engineering mathematics
9 (RLIN) 4174
942 ## - ADDED ENTRY ELEMENTS (KOHA)
Source of classification or shelving scheme Dewey Decimal Classification
Koha item type Short Loan
Holdings
Withdrawn status Lost status Source of classification or shelving scheme Damaged status Not for loan Home library Current library Date acquired Source of acquisition Inventory number Total Checkouts Full call number Barcode Date last seen Date last checked out Koha item type Price effective from
    Dewey Decimal Classification     Main Kihumuro Campus Main Kihumuro Campus 19/08/2019 Purchase 19/41032 2 620.11 JAM 2018 2019-0154 22/11/2019 01/10/2019 Open Shelf  
    Dewey Decimal Classification     Main Kihumuro Campus Main Kihumuro Campus 19/08/2019 Purchase 19/41033   620.11 JAM 2018 2019-0155 19/08/2019   Open Shelf  
    Dewey Decimal Classification     Main Kihumuro Campus Main Kihumuro Campus 19/08/2019 Purchase 19/41034 1 620.11 JAM 2018 2019-0156 27/11/2019 27/08/2019 Open Shelf  
    Dewey Decimal Classification     Main Kihumuro Campus Main Kihumuro Campus 19/08/2019 Purchase 19/41035   620.11 JAM 2018 2019-0157 19/08/2019   Open Shelf  
    Dewey Decimal Classification     Main Kihumuro Campus Main Kihumuro Campus 13/04/2026 Purchase 26/42541   620.11 JAM 2018 2026-0108 13/04/2026   Open Shelf 13/04/2026
    Dewey Decimal Classification     Main Kihumuro Campus Main Kihumuro Campus 13/04/2026 Purchase 26/42541   620.11 JAM 2018 2026-0109 13/04/2026   Open Shelf 13/04/2026
    Dewey Decimal Classification     Main Kihumuro Campus Main Kihumuro Campus 13/04/2026 Purchase 26/42541   620.11 JAM 2018 2026-0110 13/04/2026   Open Shelf 13/04/2026